Penguin dictionary of commerce (Record no. 8273)

MARC details
000 -LEADER
fixed length control field 00449cam a2200193ua 4500
001 - CONTROL NUMBER
control field 9211
005 - DATE AND TIME OF LATEST TRANSACTION
control field 20260515114436.0
008 - FIXED-LENGTH DATA ELEMENTS--GENERAL INFORMATION
fixed length control field 150224n xxk |||gr||||Z||||||eng
040 ## - CATALOGING SOURCE
Transcribing agency MAIN
041 ## - LANGUAGE CODE
Language code of text/sound track or separate title eng
082 ## - DEWEY DECIMAL CLASSIFICATION NUMBER
Classification number 381.03
100 ## - MAIN ENTRY--PERSONAL NAME
Personal name Greener, M.,
Relator term Editor.
245 1# - TITLE STATEMENT
Title Penguin dictionary of commerce
Statement of responsibility, etc. Edited by M. Greener
250 ## - EDITION STATEMENT
Edition statement 1st.
260 ## - PUBLICATION, DISTRIBUTION, ETC.
Place of publication, distribution, etc. London:
Name of publisher, distributor, etc. Penguin,
Date of publication, distribution, etc. 1970.
300 ## - PHYSICAL DESCRIPTION
Extent 348p.
653 ## - INDEX TERM--UNCONTROLLED
Uncontrolled term Commerce
942 ## - ADDED ENTRY ELEMENTS (KOHA)
Koha item type Books
Holdings
Withdrawn status Lost status Damaged status Not for loan Home library Current library Shelving location Date acquired Total checkouts Full call number Barcode Date last seen Copy number Price effective from Koha item type
        Naharkatiya College Library Naharkatiya College Library General stacks 09/19/2020   381.03 | PEN 13872 09/19/2020 1 09/19/2020 Books